[Event "Chicago Open"]
[Site "Chicago"]
[Date "2009.05.23"]
[Round "3.7"]
[White "Finegold, Benjamin"]
[Black "Homa, Seth"]
[Result "1-0"]
[WhiteElo "2580"]
[BlackElo "2284"]
[PlyCount "73"]
[EventDate "2009.05.??"]
[SourceDate "2009.05.23"]

1. d4 d5 2. Bg5 h6 3. Bh4 c6 4. e3 Qb6 5. Qc1 Bf5 6. Nf3 e6 7. Be2 Be7 8. Bxe7
Nxe7 9. O-O Nd7 10. c4 O-O 11. Nbd2 Rac8 12. c5 Qc7 13. Qc3 Nf6 14. b4 Ne4 15.
Nxe4 Bxe4 16. a4 Rce8 17. Nd2 Bg6 18. b5 f6 19. a5 e5 20. b6 axb6 21. cxb6 exd4
22. exd4 Qd8 23. Nb3 Nc8 24. Rfe1 Re7 25. Bf1 Rfe8 26. Nc5 Nd6 27. Rxe7 Qxe7
28. h3 Bf7 29. a6 bxa6 30. Rxa6 Rb8 31. Ra7 Qd8 32. Rd7 Qf8 33. b7 Ne4 34. Nxe4
dxe4 35. Qxc6 Qe8 36. Qc7 e3 37. Rxf7 1-0

[Event "Chicago Open"]
[Site "Chicago"]
[Date "2009.05.23"]
[Round "3.10"]
[White "Garcia, Gildardo"]
[Black "O'Donnell, Robert"]
[Result "1-0"]
[WhiteElo "2483"]
[BlackElo "2153"]
[PlyCount "49"]
[EventDate "2009.05.??"]
[SourceDate "2009.05.23"]

1. e4 c5 2. Nf3 d6 3. d4 cxd4 4. Nxd4 Nf6 5. Nc3 Nc6 6. Bg5 e6 7. Qd2 Be7 8.
O-O-O O-O 9. Nb3 Qb6 10. f3 Rd8 11. h4 a6 12. g4 d5 13. exd5 Nxd5 14. Bxe7
Ndxe7 15. Bd3 Bd7 16. h5 Ne5 17. h6 Nxd3+ 18. cxd3 g6 19. Qg5 Kf8 20. Nc5 Ng8
21. d4 Bc6 22. Rhe1 Rac8 23. Kb1 Rd6 24. Qf4 Qd8 25. Rxe6 1-0

[Event "Chicago Open"]
[Site "Chicago"]
[Date "2009.05.23"]
[Round "3.14"]
[White "Amanov, Mesgen"]
[Black "Yang, Darwin"]
[Result "0-1"]
[WhiteElo "2394"]
[BlackElo "2304"]
[PlyCount "96"]
[EventDate "2009.05.??"]
[SourceDate "2009.05.23"]

1. d4 d5 2. Nf3 c6 3. c4 e6 4. Nc3 Nf6 5. Bg5 dxc4 6. e4 b5 7. e5 h6 8. Bh4 g5
9. Nxg5 hxg5 10. Bxg5 Nbd7 11. exf6 Qb6 12. g3 Bb7 13. Bg2 O-O-O 14. O-O c5 15.
d5 b4 16. Na4 Qa6 17. a3 Bxd5 18. Bxd5 Ne5 19. axb4 Rxd5 20. Qe2 cxb4 21. Nc3
Ra5 22. Rxa5 Qxa5 23. Ne4 Qd5 24. Rd1 Nd3 25. b3 Qe5 26. Qf3 Qf5 27. Qg2 Qh3
28. bxc4 Qxg2+ 29. Kxg2 Nc5 30. f3 Nxe4 31. fxe4 Bc5 32. h4 Rd8 33. Rb1 a5 34.
Ra1 Bb6 35. c5 Bc7 36. Rb1 Be5 37. Bc1 Rd3 38. h5 Rxg3+ 39. Kf2 Rh3 40. h6 b3
41. Kg2 Rh2+ 42. Kf3 a4 43. Bf4 Bxf4 44. Kxf4 Rxh6 45. Ke5 Kc7 46. Kd4 Rh3 47.
Kc4 a3 48. Rxb3 Rxb3 0-1

[Event "Chicago Open"]
[Site "Chicago"]
[Date "2009.05.23"]
[Round "3.15"]
[White "Adu, Oladapo"]
[Black "Dougherty, Michael"]
[Result "1/2-1/2"]
[WhiteElo "2344"]
[BlackElo "2268"]
[PlyCount "152"]
[EventDate "2009.05.??"]
[SourceDate "2009.05.23"]

1. e4 c5 2. Nf3 Nc6 3. d4 cxd4 4. Nxd4 Nf6 5. Nc3 d6 6. Bg5 Qb6 7. Nb3 e6 8.
Be3 Qc7 9. f4 a6 10. a4 b6 11. Bd3 Bb7 12. O-O Be7 13. Qf3 Nd7 14. Rae1 Bf6 15.
Qh3 O-O-O 16. Qh5 Nc5 17. Qe2 Nb4 18. Nd4 Rhe8 19. a5 bxa5 20. Nf3 e5 21. fxe5
dxe5 22. Bc4 Ne6 23. Nd5 Nxd5 24. Bxd5 Nd4 25. Nxd4 Bxd5 26. exd5 exd4 27.
Qxa6+ Qb7 28. Qc4+ Qc7 29. Qxc7+ Kxc7 30. Bd2 Rxe1 31. Bxa5+ Kd6 32. Rxe1 Rc8
33. Re2 d3 34. cxd3 Bd4+ 35. Kf1 Rc1+ 36. Be1 Rb1 37. b4 Bc3 38. Kf2 Bxe1+ 39.
Rxe1 Rxb4 40. Re4 Rb7 41. Rd4 Re7 42. Rh4 h6 43. Rg4 g6 44. Rh4 h5 45. Re4 Ra7
46. Rd4 Re7 47. Kf3 Re5 48. Rf4 Rxd5 49. Rxf7 Ke6 50. Rg7 Kf6 51. Ra7 Rxd3+ 52.
Kf4 Rd4+ 53. Ke3 Rg4 54. g3 Rb4 55. Ra3 Kf5 56. Kf3 Rb5 57. h3 Kg5 58. Rc3 Kf5
59. h4 Ra5 60. Rc4 g5 61. hxg5 Kxg5 62. Kg2 Ra1 63. Kh2 Rb1 64. Kh3 Rh1+ 65.
Kg2 Ra1 66. Rc8 Rb1 67. Rg8+ Kf5 68. Rg7 Ra1 69. Kf3 Ra3+ 70. Kg2 Ra1 71. Rb7
Kg5 72. Rb5+ Kg4 73. Rb4+ Kg5 74. Rc4 Rb1 75. Kh2 Ra1 76. Rc8 Rb1 1/2-1/2

[Event "Chicago Open"]
[Site "Chicago"]
[Date "2009.05.23"]
[Round "3.18"]
[White "Pullin, Matthew"]
[Black "Melekhina, Alisa"]
[Result "0-1"]
[WhiteElo "2032"]
[BlackElo "2322"]
[PlyCount "84"]
[EventDate "2009.05.??"]
[SourceDate "2009.05.23"]

1. Nf3 Nf6 2. d4 g6 3. c4 Bg7 4. Nc3 d6 5. e4 O-O 6. Bd3 e5 7. O-O Nc6 8. d5
Ne7 9. Re1 Ne8 10. a4 a5 11. Ra3 h6 12. Nd2 f5 13. Nf1 f4 14. Be2 Nf6 15. h3 g5
16. Nh2 Ng6 17. Nb5 Nh4 18. Bf3 Nxf3+ 19. Rxf3 h5 20. Rd3 b6 21. g4 hxg4 22.
hxg4 Qd7 23. f3 Kf7 24. Kg2 Rh8 25. Rh1 Ba6 26. b3 Rh4 27. Nc3 Rah8 28. Bd2 Qd8
29. Be1 R4h6 30. Bf2 Bc8 31. Qg1 R8h7 32. Kf1 Qh8 33. Bxb6 Rxh2 34. Rxh2 Rxh2
35. Bxc7 Rh1 36. Qxh1 Qxh1+ 37. Ke2 Qg2+ 38. Kd1 Qf1+ 39. Kc2 Qf2+ 40. Kc1 Bf8
41. Bxa5 Bxg4 42. fxg4 Nxg4 0-1

[Event "Chicago Open"]
[Site "Chicago"]
[Date "2009.05.24"]
[Round "4.253"]
[White "Hendrickson, Nolan"]
[Black "Becker, Allen"]
[Result "0-1"]
[WhiteElo "1882"]
[BlackElo "2014"]
[PlyCount "56"]
[EventDate "2009.05.??"]
[SourceDate "2009.05.23"]

1. e4 c5 2. Nc3 a6 3. f4 b5 4. Nf3 Bb7 5. d3 Nf6 6. g3 e6 7. Bh3 d5 8. e5 d4 9.
exf6 dxc3 10. bxc3 Qxf6 11. O-O Bd6 12. f5 exf5 13. Bg5 Qxc3 14. Qe2+ Kf8 15.
Rae1 Nc6 16. Bxf5 c4 17. Bd7 Bc5+ 18. Kh1 f6 19. Bd2 Qe5 20. Nxe5 Nxe5+ 21. Qe4
Bxe4+ 22. Rxe4 Nxd7 23. dxc4 Kf7 24. Rfe1 Rhe8 25. cxb5 axb5 26. Rxe8 Rxe8 27.
Rb1 Re2 28. Bf4 b4 0-1

[Event "Chicago Open"]
[Site "Chicago"]
[Date "2009.05.24"]
[Round "4.1"]
[White "Sadvakasov, Darmen"]
[Black "Kacheishvili, Giorgi"]
[Result "1/2-1/2"]
[WhiteElo "2618"]
[BlackElo "2638"]
[PlyCount "58"]
[EventDate "2009.05.??"]
[SourceDate "2009.05.23"]

1. e4 c6 2. d4 d5 3. Nd2 dxe4 4. Nxe4 Bf5 5. Ng3 Bg6 6. h4 h6 7. Nf3 Nd7 8. h5
Bh7 9. Bd3 Bxd3 10. Qxd3 e6 11. Bd2 Ngf6 12. O-O-O Be7 13. Ne4 Qc7 14. Nxf6+
Bxf6 15. Bb4 Nb6 16. g3 O-O-O 17. Qa3 Kb8 18. Ne5 Nd5 19. f4 Nxb4 20. Qxb4 Rd5
21. c4 Rxd4 22. Rxd4 c5 23. Nd7+ Kc8 24. Qxc5 Qxc5 25. Nxc5 Bxd4 26. Nd3 Kd7
27. Kc2 Rc8 28. Kb3 Ke7 29. Re1 Rd8 1/2-1/2

[Event "Chicago Open"]
[Site "Chicago"]
[Date "2009.05.24"]
[Round "4.4"]
[White "Antal, Gergely"]
[Black "Van Wely, Loek"]
[Result "1/2-1/2"]
[WhiteElo "2486"]
[BlackElo "2730"]
[PlyCount "125"]
[EventDate "2009.05.??"]
[SourceDate "2009.05.23"]

1. e4 c5 2. Nf3 d6 3. Bb5+ Nd7 4. d4 Ngf6 5. Nc3 a6 6. Bxd7+ Nxd7 7. Be3 cxd4
8. Bxd4 e6 9. a4 b6 10. O-O Bb7 11. Qe2 Qc7 12. Rfe1 Ne5 13. Qe3 Nc4 14. Qg5 f6
15. Bxf6 gxf6 16. Qxf6 Bg7 17. Qxe6+ Kf8 18. Nd5 Qf7 19. Ng5 Qxe6 20. Nxe6+ Kf7
21. Nxg7 Kxg7 22. b3 Bxd5 23. exd5 Ne5 24. f4 Ng6 25. g3 Rhe8 26. Kf2 Kf7 27.
Kf3 Rac8 28. c4 Nf8 29. Rxe8 Rxe8 30. a5 Rb8 31. axb6 Rxb6 32. b4 Rxb4 33. Rxa6
Ke7 34. Rc6 Nd7 35. Rc8 h5 36. h3 Rb3+ 37. Kg2 Rb2+ 38. Kf3 Rb3+ 39. Kg2 Rc3
40. Rc7 Kd8 41. Rc6 Ke7 42. Rc7 Ra3 43. Kf2 h4 44. gxh4 Rxh3 45. f5 Ke8 46.
Rc8+ Ke7 47. Rc7 Rxh4 48. Kg3 Rh7 49. Kf4 Rf7 50. Kg5 Rf8 51. Kf4 Rd8 52. Kg5
Rg8+ 53. Kf4 Rg1 54. Ra7 Rb1 55. Kg5 Kd8 56. Ra6 Nb6 57. f6 Ke8 58. Kf5 Nxc4
59. Ra8+ Kf7 60. Ra7+ Kg8 61. Ra8+ Kf7 62. Ra7+ Kg8 63. Ra8+ 1/2-1/2

[Event "Chicago Open"]
[Site "Chicago"]
[Date "2009.05.24"]
[Round "4.7"]
[White "Smith, Bryan"]
[Black "Felecan, Florin"]
[Result "1-0"]
[WhiteElo "2550"]
[BlackElo "2409"]
[PlyCount "77"]
[EventDate "2009.05.??"]
[SourceDate "2009.05.23"]

1. e4 c5 2. Nf3 g6 3. d4 Bg7 4. dxc5 Qa5+ 5. c3 Qxc5 6. Na3 d6 7. Nb5 a6 8. Be3
Qc6 9. Na7 Rxa7 10. Bxa7 Qxe4+ 11. Be3 Nf6 12. Bd3 Qc6 13. O-O O-O 14. Qd2 Re8
15. Rfe1 b6 16. c4 Bb7 17. Bd4 Nbd7 18. Rac1 e5 19. Bc3 Nc5 20. Bf1 Nce4 21.
Qc2 Ng4 22. Re2 f5 23. Be1 Ngf6 24. b4 Bh6 25. Rd1 Rc8 26. Nd2 Ng5 27. Qb3 Nf7
28. f3 d5 29. cxd5 Nxd5 30. Bf2 e4 31. fxe4 Nc3 32. Rde1 Nxe2+ 33. Rxe2 Bxd2
34. Rxd2 fxe4 35. b5 axb5 36. Bxb5 Qc1+ 37. Rd1 Qf4 38. Be3 Qc7 39. Rd7 1-0

[Event "Chicago Open"]
[Site "Chicago"]
[Date "2009.05.24"]
[Round "4.9"]
[White "Gurevich, Dmitry"]
[Black "Young, Angelo"]
[Result "1-0"]
[WhiteElo "2557"]
[BlackElo "2367"]
[PlyCount "123"]
[EventDate "2009.05.??"]
[SourceDate "2009.05.23"]

1. d4 e6 2. Nf3 b6 3. g3 Bb7 4. Bg2 g6 5. c4 Ne7 6. Nc3 Bg7 7. h4 h6 8. d5 Na6
9. e4 Nc5 10. Be3 exd5 11. Bd4 f6 12. cxd5 Ba6 13. Bf1 Bxf1 14. Kxf1 Nb7 15.
Rc1 Nd6 16. Qb3 a6 17. Kg2 O-O 18. Rhe1 Kh7 19. Qc2 Rc8 20. h5 Kg8 21. hxg6
Nxg6 22. Nd1 Qe8 23. Ne3 Qxe4 24. Qxe4 Nxe4 25. Nf5 Nd6 26. Nxd6 cxd6 27. Bxb6
f5 28. Bd4 Bxd4 29. Rxc8 Rxc8 30. Nxd4 f4 31. Nf5 Rc2 32. Re8+ Kf7 33. Nxd6+
Kf6 34. Ra8 fxg3 35. Kxg3 Ke5 36. Rxa6 Kxd5 37. Nf5 Ke5 38. Ne3 Rc6 39. Ng4+
Kd4 40. Rxc6 dxc6 41. Nxh6 Ne5 42. Nf5+ Ke4 43. Ne3 Nd3 44. Nd1 c5 45. a4 c4
46. a5 Nc5 47. f4 Kd3 48. f5 Kc2 49. Ne3+ Kxb2 50. Nxc4+ Kc3 51. Nd6 Kb4 52.
Nb7 Nxb7 53. a6 Nd6 54. a7 Nxf5+ 55. Kf4 Nd6 56. a8=Q Nc4 57. Ke4 Na3 58. Qb7+
Kc3 59. Qc6+ Kb4 60. Kd3 Ka5 61. Kc3 Nb5+ 62. Kc4 1-0

[Event "Chicago Open"]
[Site "Chicago"]
[Date "2009.05.24"]
[Round "4.11"]
[White "Homa, Seth"]
[Black "Lwin, Aung"]
[Result "1/2-1/2"]
[WhiteElo "2284"]
[BlackElo "2313"]
[PlyCount "155"]
[EventDate "2009.05.??"]
[SourceDate "2009.05.23"]

1. d4 Nf6 2. c4 g6 3. Nc3 Bg7 4. e4 d6 5. Bd3 O-O 6. Nge2 e5 7. d5 Nh5 8. O-O
Nd7 9. Bc2 a6 10. a4 a5 11. Be3 h6 12. Qd2 Kh7 13. f3 Nc5 14. Nc1 Bd7 15. Nb5
b6 16. Nd3 Nxd3 17. Bxd3 Nf4 18. Bc2 f5 19. exf5 Bxf5 20. Rae1 Bxc2 21. Qxc2
Rf7 22. Nc3 Qf6 23. g3 Nh5 24. Ne4 Qe7 25. Kg2 Raf8 26. b3 Nf6 27. Nxf6+ Qxf6
28. Qe4 h5 29. Rf2 Bh6 30. Bxh6 Kxh6 31. Qc2 Qf5 32. Qxf5 Rxf5 33. Re3 g5 34.
Rfe2 g4 35. fxg4 hxg4 36. h3 gxh3+ 37. Kxh3 Kg5 38. Re4 Rf3 39. Rg4+ Kf6 40.
Kg2 Rf5 41. Rf2 Rxf2+ 42. Kxf2 Rh8 43. Ke3 Rh2 44. Kd3 Rh5 45. Rg8 Rg5 46. Rf8+
Ke7 47. Rf3 Rg6 48. Ke2 Rf6 49. Re3 Kf7 50. Re4 Kg7 51. Ke3 Rf1 52. Rg4+ Kf6
53. Rg8 Rb1 54. Rc8 Rxb3+ 55. Ke4 Rxg3 56. Rxc7 Rg4+ 57. Kd3 Rg3+ 58. Ke4 Rc3
59. Rc6 Ke7 60. Kf5 Kd7 61. Rxb6 Rxc4 62. Ra6 Rf4+ 63. Kg5 Rxa4 64. Ra7+ Kc8
65. Kf5 e4 66. Kf4 Kd8 67. Ke3 Kc8 68. Kf4 Kd8 69. Ke3 Ke8 70. Kf4 Kf8 71. Ke3
Rb4 72. Rxa5 Ke7 73. Ra7+ Kf6 74. Rh7 Kf5 75. Rh5+ Kf6 76. Rh6+ Ke5 77. Rh5+
Kf6 78. Rh6+ 1/2-1/2

[Event "Chicago Open"]
[Site "Chicago"]
[Date "2009.05.24"]
[Round "4.12"]
[White "Yang, Darwin"]
[Black "Fiedler, Brian"]
[Result "1-0"]
[WhiteElo "2304"]
[BlackElo "2236"]
[PlyCount "99"]
[EventDate "2009.05.??"]
[SourceDate "2009.05.23"]

1. d4 g6 2. c4 Bg7 3. Nc3 d6 4. e4 Nd7 5. Nf3 e5 6. Be2 Ngf6 7. O-O O-O 8. Be3
Qe7 9. d5 Ng4 10. Bg5 f6 11. Bh4 Nh6 12. Nd2 Nf7 13. Rc1 Bh6 14. b4 a6 15. Rc2
Bg5 16. Bxg5 Nxg5 17. Re1 f5 18. Na4 Nf6 19. exf5 gxf5 20. c5 Kh8 21. Nc4 f4
22. cxd6 cxd6 23. Nab6 Rb8 24. Nxc8 Rbxc8 25. h4 Nf7 26. Qc1 Nxd5 27. Nxe5 Rxc2
28. Nxf7+ Rxf7 29. Qxc2 f3 30. Qd2 fxe2 31. Rxe2 Qxh4 32. Qxd5 Qf6 33. g3 Re7
34. Rc2 Rf7 35. Kg2 Kg7 36. Rd2 Rd7 37. Rd4 h5 38. a3 Rf7 39. Rf4 Qg6 40. Rxf7+
Qxf7 41. Qxd6 Kh7 42. a4 Kg7 43. b5 axb5 44. axb5 b6 45. Qxb6 Qd5+ 46. Kh2 h4
47. Qc7+ Kg8 48. Qb8+ Kh7 49. gxh4 Qf5 50. Qa7+ 1-0

[Event "Chicago Open"]
[Site "Chicago"]
[Date "2009.05.24"]
[Round "4.13"]
[White "Owen, Steven"]
[Black "Lein, Anatoly"]
[Result "1-0"]
[WhiteElo "2082"]
[BlackElo "2359"]
[PlyCount "71"]
[EventDate "2009.05.??"]
[SourceDate "2009.05.23"]

1. c4 b6 2. Nf3 Bb7 3. g3 f5 4. Bg2 Nf6 5. O-O e6 6. Nc3 Bb4 7. d3 O-O 8. Qc2
Na6 9. a3 Bxc3 10. Qxc3 Qe7 11. b4 Rae8 12. d4 Ne4 13. Qc2 c6 14. c5 Nc7 15.
Nd2 d5 16. Nxe4 dxe4 17. Bf4 Rd8 18. Bd6 Rxd6 19. cxd6 Qxd6 20. e3 Nd5 21. Qd2
g5 22. f4 gxf4 23. gxf4 Kh8 24. Kh1 Ra8 25. Rg1 a5 26. bxa5 Rxa5 27. Bf1 Ba6
28. Rg3 Rxa3 29. Qg2 Nf6 30. Rb1 Bxf1 31. Rxf1 Ra7 32. Rg1 Qf8 33. Rc1 Rc7 34.
Qa2 Nd5 35. Rcg1 Rf7 36. Qa3 1-0

[Event "Chicago Open"]
[Site "Chicago"]
[Date "2009.05.24"]
[Round "4.14"]
[White "O'Donnell, Robert"]
[Black "Adu, Oladapo"]
[Result "1-0"]
[WhiteElo "2153"]
[BlackElo "2344"]
[PlyCount "107"]
[EventDate "2009.05.??"]
[SourceDate "2009.05.23"]

1. d4 d5 2. c4 c6 3. Nc3 Nf6 4. Nf3 a6 5. c5 Bf5 6. Qb3 Qc8 7. Bf4 Nbd7 8. h3
e6 9. e3 Be7 10. Be2 h6 11. Na4 O-O 12. O-O Re8 13. Ne5 Bd8 14. Rfe1 Nxe5 15.
dxe5 Nd7 16. Qc3 Bc7 17. Bg3 Qb8 18. f4 f6 19. exf6 Nxf6 20. Bf3 Rf8 21. Bh4
Ne4 22. Bxe4 Bxe4 23. Nb6 Bxb6 24. cxb6 Qd6 25. b4 Rf5 26. Qc5 Qd7 27. Qe7 Qc8
28. g4 Rf7 29. Qd6 Qe8 30. Rf1 Rd7 31. Qe5 Qf7 32. Be1 Qg6 33. Bc3 Rf8 34. Kf2
Rc8 35. Bd4 Qf7 36. Ke2 Qg6 37. Rg1 Re8 38. Rad1 Qf7 39. Rd2 Qe7 40. g5 h5 41.
a3 Bg6 42. Rb2 Qd8 43. a4 Qc8 44. Rc1 Rf7 45. b5 axb5 46. axb5 Ree7 47. bxc6
bxc6 48. Qd6 Qa6+ 49. Kf2 Qd3 50. Rxc6 Rd7 51. Qb8+ Kh7 52. Rxe6 Bf5 53. Rh6+
gxh6 54. Qh8+ 1-0

[Event "Chicago Open"]
[Site "Chicago"]
[Date "2009.05.24"]
[Round "4.15"]
[White "Melekhina, Alisa"]
[Black "Dougherty, Michael"]
[Result "1-0"]
[WhiteElo "2322"]
[BlackElo "2268"]
[PlyCount "75"]
[EventDate "2009.05.??"]
[SourceDate "2009.05.23"]

1. e4 c5 2. Nc3 e6 3. g3 d5 4. exd5 exd5 5. Bg2 d4 6. Qe2+ Be7 7. Nd5 Nc6 8. d3
Nf6 9. Nxf6+ gxf6 10. Bh6 Rg8 11. Be4 f5 12. Bxc6+ bxc6 13. Bf4 Rg6 14. Qh5 Be6
15. Qxh7 Bf6 16. f3 c4 17. Kf2 Qd5 18. b3 cxd3 19. cxd3 Qb5 20. Rd1 Qa5 21. Ra1
Kd7 22. Qh3 Bxb3 23. Qf1 Ba4 24. Qb1 Bb5 25. Qb3 Rg7 26. Ne2 Re8 27. a4 Ba6 28.
Rac1 Be5 29. Qc2 Rg6 30. Rhe1 Bg7 31. Bd2 Qd8 32. Nf4 Rxe1 33. Rxe1 Rh6 34. h4
Bf8 35. Qb3 Rh7 36. Re5 Bd6 37. Rxf5 Qe7 38. Ra5 1-0

[Event "Chicago Open"]
[Site "Chicago"]
[Date "2009.05.24"]
[Round "4.16"]
[White "Rosen, Eric"]
[Black "Boor, Carl"]
[Result "0-1"]
[WhiteElo "2133"]
[BlackElo "2306"]
[PlyCount "58"]
[EventDate "2009.05.??"]
[SourceDate "2009.05.23"]

1. e4 c5 2. Nc3 a6 3. f4 b5 4. d4 cxd4 5. Qxd4 Nc6 6. Qf2 e6 7. Bd3 Bb7 8. Nf3
Nb4 9. O-O Nf6 10. h3 Be7 11. Be3 O-O 12. a3 Nxd3 13. cxd3 d6 14. g4 Nd7 15. d4
Rc8 16. f5 exf5 17. gxf5 Re8 18. Rfe1 Rxc3 19. bxc3 Bxe4 20. Bf4 Bxf5 21. Qh2
d5 22. Be5 Be4 23. Rf1 Nxe5 24. Qxe5 Bd6 25. Qh5 Qc7 26. Qg5 Re6 27. Qd2 Bf4
28. Qb2 Rg6+ 29. Kh1 Qd7 0-1

[Event "Chicago Open"]
[Site "Chicago"]
[Date "2009.05.24"]
[Round "4.19"]
[White "Sobo, Henry"]
[Black "Madison, Jeremy"]
[Result "0-1"]
[WhiteElo "2019"]
[BlackElo "1922"]
[PlyCount "74"]
[EventDate "2009.05.??"]
[SourceDate "2009.05.23"]

1. c4 b6 2. Nf3 Bb7 3. g3 Nc6 4. d4 e6 5. Bg2 Bb4+ 6. Bd2 Qe7 7. O-O Bxd2 8.
Qxd2 f5 9. Nc3 Nf6 10. d5 Na5 11. b3 e5 12. Qc2 e4 13. Nd4 g6 14. Ncb5 Kd8 15.
Rad1 a6 16. Nc3 c5 17. dxc6 Nxc6 18. e3 Ne5 19. Kh1 h5 20. h4 Nfg4 21. Na4 Qf6
22. f4 exf3 23. Nxf3 Nxe3 24. Qd2 Nxf1 25. Rxf1 Bxf3 26. Bxf3 Nxf3 27. Rxf3 Qc6
28. Qe3 Kc7 29. Kh2 Rae8 30. Qf2 Re6 31. Nc3 Rhe8 32. Kh3 Re1 33. Nd5+ Kb7 34.
Nb4 Qe4 35. Nd5 Qg4+ 36. Kg2 R8e2 37. Ne3 Qe4 0-1

[Event "Chicago Open"]
[Site "Chicago"]
[Date "2009.05.24"]
[Round "5.1"]
[White "Sargissian, Gabriel"]
[Black "Shabalov, Alexander"]
[Result "1/2-1/2"]
[WhiteElo "2760"]
[BlackElo "2620"]
[PlyCount "56"]
[EventDate "2009.05.??"]
[SourceDate "2009.05.23"]

1. d4 d5 2. c4 c6 3. Nf3 Nf6 4. Nc3 e6 5. e3 Nbd7 6. Qc2 Bd6 7. Bd3 O-O 8. O-O
dxc4 9. Bxc4 b5 10. Bd3 Qc7 11. a3 h6 12. Bd2 a6 13. b4 Bb7 14. Ne2 e5 15. Ng3
Rfe8 16. Rfe1 Rad8 17. Rac1 Qb8 18. Bc3 exd4 19. exd4 Nd5 20. Bd2 N7f6 21. Nf5
Nf4 22. Nxd6 Rxe1+ 23. Bxe1 Qxd6 24. Bf1 Ne6 25. Bc3 Qf4 26. Bd2 Qd6 27. Bc3
Qf4 28. Bd2 Qd6 1/2-1/2

[Event "Chicago Open"]
[Site "Chicago"]
[Date "2009.05.24"]
[Round "5.2"]
[White "Petrosian, Tigran"]
[Black "Sadvakasov, Darmen"]
[Result "1/2-1/2"]
[WhiteElo "2698"]
[BlackElo "2618"]
[PlyCount "117"]
[EventDate "2009.05.??"]
[SourceDate "2009.05.23"]

1. e4 c5 2. Nf3 d6 3. d4 cxd4 4. Nxd4 Nf6 5. Nc3 a6 6. a4 Nc6 7. Be2 g6 8. O-O
Bg7 9. Be3 O-O 10. Qd2 Bd7 11. Rfd1 Re8 12. f3 Qc7 13. Bf1 Rac8 14. Qf2 Na5 15.
Ndb5 axb5 16. Bb6 Qb8 17. Bxa5 b6 18. Bb4 bxa4 19. Nxa4 Bxa4 20. Rxa4 Qc7 21.
c3 Ra8 22. Qc2 Ra7 23. Rxa7 Qxa7 24. Bb5 Ra8 25. Qf2 Qc7 26. g3 Rb8 27. Qd2 h6
28. Kg2 Rd8 29. Qe2 Rc8 30. Qd3 g5 31. Ba6 Ra8 32. Bc4 Rf8 33. Ra1 Nd7 34. Bb5
Nc5 35. Qd5 Rc8 36. Ra8 Rxa8 37. Qxa8+ Bf8 38. Ba3 e6 39. Qc6 Qa7 40. Qe8 Kg7
41. Qc6 Be7 42. Kf1 Bf6 43. Kf2 Be5 44. Kg2 Qa5 45. Be2 Qa7 46. Kh3 h5 47. Kg2
h4 48. Qe8 Qc7 49. Bb5 d5 50. exd5 exd5 51. Qc6 Bxg3 52. Bxc5 bxc5 53. Qxd5 Bf4
54. Bc4 Qe7 55. Qf5 Qb7 56. b3 Qe7 57. Kh3 Bd2 58. Kg4 Qf6 59. Qxf6+ 1/2-1/2

[Event "Chicago Open"]
[Site "Chicago"]
[Date "2009.05.24"]
[Round "5.4"]
[White "Smith, Bryan"]
[Black "Ehlvest, Jaan"]
[Result "0-1"]
[WhiteElo "2550"]
[BlackElo "2649"]
[PlyCount "54"]
[EventDate "2009.05.??"]
[SourceDate "2009.05.23"]

1. e4 e5 2. Nf3 Nc6 3. Bb5 Nf6 4. O-O Nxe4 5. Qe2 Nd6 6. Bxc6 dxc6 7. Qxe5+ Qe7
8. Qa5 Qd7 9. Qc3 Nf5 10. b3 Be7 11. Ba3 O-O 12. Bxe7 Qxe7 13. Re1 Be6 14. d3
c5 15. Qe5 Rfe8 16. Nbd2 b6 17. Ne4 Qd7 18. Ng3 f6 19. Qf4 Ne7 20. Ne4 Nd5 21.
Qg3 Kh8 22. a3 a5 23. d4 Bf5 24. Ned2 Nc3 25. Kf1 cxd4 26. Qf4 c5 27. Nc4 Bxc2
0-1

[Event "Chicago Open"]
[Site "Chicago"]
[Date "2009.05.24"]
[Round "5.5"]
[White "Kacheishvili, Giorgi"]
[Black "Antal, Gergely"]
[Result "1-0"]
[WhiteElo "2638"]
[BlackElo "2486"]
[PlyCount "61"]
[EventDate "2009.05.??"]
[SourceDate "2009.05.23"]

1. d4 f5 2. g3 Nf6 3. Bg2 e6 4. c4 d5 5. Nh3 c6 6. O-O Bd6 7. Qc2 O-O 8. Rd1
Qe8 9. Bf4 Be7 10. f3 h6 11. Nf2 g5 12. Bd2 Qg6 13. e4 fxe4 14. fxe4 e5 15.
cxd5 exd4 16. Qc4 Qf7 17. Qxd4 Nbd7 18. Be3 c5 19. Qc3 Bd6 20. Na3 Be5 21. Qc2
b6 22. Bh3 Qh5 23. Be6+ Kh8 24. Rd2 Qf3 25. Nc4 Bxg3 26. Qc3 Ba6 27. Bxd7 Bxc4
28. Ng4 Bf4 29. Re1 Bg3 30. hxg3 Qxg3+ 31. Rg2 1-0

[Event "Chicago Open"]
[Site "Chicago"]
[Date "2009.05.24"]
[Round "5.7"]
[White "Van Wely, Loek"]
[Black "Gurevich, Dmitry"]
[Result "1-0"]
[WhiteElo "2730"]
[BlackElo "2557"]
[PlyCount "71"]
[EventDate "2009.05.??"]
[SourceDate "2009.05.23"]

1. d4 Nf6 2. c4 e6 3. Nf3 a6 4. Nc3 c5 5. d5 b5 6. Bg5 b4 7. Ne4 d6 8. Nxf6+
gxf6 9. Bh4 Be7 10. Qd2 Nd7 11. e4 e5 12. Bd3 f5 13. g3 fxe4 14. Bxe4 Nb6 15.
Qc2 Bg4 16. Bxe7 Qxe7 17. Nh4 Bh5 18. O-O Rg8 19. Nf5 Qf6 20. f4 exf4 21. Rxf4
Rg4 22. Rf2 Qe5 23. Re1 O-O-O 24. Ne7+ Kc7 25. Nc6 Qg7 26. Nxd8 Kxd8 27. b3 Nd7
28. Bf5 Bg6 29. Qe2 Bxf5 30. Qe7+ Kc7 31. Rxf5 Rxg3+ 32. Kh1 Qg4 33. Rxf7 Rf3
34. Rg7 Qf5 35. Kg1 Rf4 36. Qe6 1-0

[Event "Chicago Open"]
[Site "Chicago"]
[Date "2009.05.24"]
[Round "5.8"]
[White "Perelshteyn, Eugene"]
[Black "Sharavdorj, Dashzeveg"]
[Result "1/2-1/2"]
[WhiteElo "2599"]
[BlackElo "2482"]
[PlyCount "55"]
[EventDate "2009.05.??"]
[SourceDate "2009.05.23"]

1. e4 e6 2. d4 d5 3. Nc3 Bb4 4. e5 c5 5. Bd2 Ne7 6. Nb5 Bxd2+ 7. Qxd2 O-O 8. f4
Qb6 9. dxc5 Qxc5 10. Nf3 Bd7 11. Nbd4 Nbc6 12. O-O-O Rac8 13. Bd3 Nxd4 14. Nxd4
Nc6 15. Nf3 Nb4 16. Kb1 Bb5 17. Bxb5 Qxb5 18. c3 Na6 19. Nd4 Qb6 20. Rhe1 Nc5
21. f5 Ne4 22. Rxe4 dxe4 23. f6 gxf6 24. Qh6 fxe5 25. Qg5+ Kh8 26. Qf6+ Kg8 27.
Qg5+ Kh8 28. Qf6+ 1/2-1/2

[Event "Chicago Open"]
[Site "Chicago"]
[Date "2009.05.24"]
[Round "5.11"]
[White "Felecan, Florin"]
[Black "Homa, Seth"]
[Result "1-0"]
[WhiteElo "2409"]
[BlackElo "2284"]
[PlyCount "67"]
[EventDate "2009.05.??"]
[SourceDate "2009.05.23"]

1. e4 e5 2. Nf3 Nc6 3. Bb5 a6 4. Ba4 Nf6 5. Qe2 b5 6. Bb3 Be7 7. c3 O-O 8. O-O
d6 9. d3 Na5 10. Bc2 c5 11. Rd1 Qc7 12. Nbd2 Bd7 13. Nf1 Rfe8 14. h3 h6 15. g4
Bf8 16. Ng3 d5 17. g5 hxg5 18. Bxg5 dxe4 19. dxe4 Nh7 20. Kh2 c4 21. Rg1 Nb7
22. Nh5 Re6 23. Rg3 Nc5 24. Rag1 Rg6 25. Bc1 Rxg3 26. Rxg3 Qd6 27. Nh4 Rd8 28.
b4 cxb3 29. axb3 Qe7 30. Nf5 Bxf5 31. exf5 Kh8 32. f6 Nxf6 33. Nxf6 Qxf6 34.
Qh5+ 1-0

[Event "Chicago Open"]
[Site "Chicago"]
[Date "2009.05.24"]
[Round "5.13"]
[White "Young, Angelo"]
[Black "O'Donnell, Robert"]
[Result "1-0"]
[WhiteElo "2367"]
[BlackElo "2153"]
[PlyCount "83"]
[EventDate "2009.05.??"]
[SourceDate "2009.05.23"]

1. d4 Nf6 2. Nf3 e6 3. g3 b6 4. Bg2 Bb7 5. O-O Be7 6. c4 O-O 7. Qc2 c5 8. dxc5
bxc5 9. Nc3 d5 10. cxd5 exd5 11. Nh4 Nbd7 12. Rd1 Nb6 13. a4 a5 14. Nf5 Re8 15.
Bg5 Rb8 16. Bf4 Rc8 17. Nb5 Rc6 18. Qc3 Bf8 19. e3 Nc8 20. Bg5 h6 21. Bxd5 Nxd5
22. Bxd8 Nxc3 23. bxc3 g6 24. Nh4 Nb6 25. Bxb6 Rxb6 26. Ng2 g5 27. Ne1 Bg7 28.
Rac1 Ree6 29. Rd8+ Kh7 30. c4 Bf6 31. Rd7 Kg6 32. Nd3 Be7 33. Rc7 Bc6 34. Rd1
f6 35. Nc1 Rb8 36. Nb3 Bd8 37. Nxc5 Bxc7 38. Nxe6 Be5 39. f4 Bxb5 40. cxb5 Bc3
41. Rd5 f5 42. Nd4 1-0

[Event "Chicago Open"]
[Site "Chicago"]
[Date "2009.05.24"]
[Round "5.15"]
[White "Holt, Conrad"]
[Black "Becker, Allen"]
[Result "1-0"]
[WhiteElo "2294"]
[BlackElo "2014"]
[PlyCount "59"]
[EventDate "2009.05.??"]
[SourceDate "2009.05.23"]

1. d4 Nf6 2. c4 e6 3. Nc3 Bb4 4. Qc2 c5 5. dxc5 Nc6 6. Nf3 O-O 7. a3 Bxc3+ 8.
Qxc3 Ne4 9. Qc2 Qa5+ 10. Nd2 Nxd2 11. Bxd2 Qxc5 12. e3 a5 13. Bd3 f5 14. Bc3
Qe7 15. g4 d6 16. O-O-O Bd7 17. Rhg1 Ne5 18. gxf5 exf5 19. f4 Ng6 20. Qf2 Rf7
21. Rg5 Re8 22. Kd2 Ne5 23. Rdg1 Nxd3 24. Kxd3 Qe4+ 25. Kd2 Ree7 26. Bxg7 Rxg7
27. Qg3 Rxg5 28. Qxg5+ Kf7 29. Qg7+ Ke6 30. Rg6+ 1-0